Biggest municipalities (communes) in Luxembourg - Statistics

General Stats
  • This quiz has been taken 14 times
  • The average score is 8 of 14
Answer Stats
Hint Answer % Correct
21.953 Dudelange
100%
36.625 Esch-sur-Alzette
100%
128.494 Luxembourg
100%
29.536 Differdange
88%
9.721 Kayl
75%
11.405 Bettembourg
63%
20.563 Pétange
63%
10.473 Mamer
50%
10.167 Mersch
38%
11.141 Schifflange
38%
10.320 Strassen
38%
15.883 Hesperange
25%
17.949 Sanem
25%
10.775 Clemency
13%
No matching quizzes found
Score Distribution
Percent of People with Each Score
Percentile by Number Answered
Your Score History
You have not taken this quiz